000 00698nam a2200241 a 4500
001 13951
003 (BD-RjUL)
005 20211208235537.0
008 140203s1952 nyu b 001 0 eng d
020 _a0471074144
035 _a(BD-RjUL)14003
040 _aVPI
_cVPI
_dEUX
_d(BD-RjUL)
_beng
041 _aeng
082 0 0 _a 634.908
_bSPF 1952
100 1 _aSpurr, Stephen H.
_943612
245 1 0 _aForest inventory /
_cby Stephen H. Spurr
260 _aNew York :
_bRonald Press,
_cc1952
300 _axii, 476 p. :
_billus.;
_c24 cm
500 _aIncludes bibliography (p. 443-472) and index
650 0 _aForests and forestry
_xMeasurement.
_943613
942 _2ddc
_cBK
999 _c13951
_d13951